00339nam a2200109Ia 4500008004100000245009900041260004600140260001100186300000800197500001100205650001300216170224s9999 xx 000 0 und d aDoes it Matter? Examining the Impact of China’s Vacation Policies on Domestic Tourism Demand bJournal of Hospitality & Tourism Research cAugust a40: aAugust xTourism.